Hán Việt từ điển 5000 đơn tự. 40000 từ ngữ (Quyển hạ)

সংরক্ষণ করুন:
গ্রন্থ-পঞ্জীর বিবরন
প্রধান লেখক: Đào Duy Anh
বিন্যাস: গ্রন্থ
ভাষা:Vietnamese
প্রকাশিত: S Trường Thi 1957
সংস্করন:In lần thứ 3
বিষয়গুলি:
ট্যাগগুলো: ট্যাগ যুক্ত করুন
কোনো ট্যাগ নেই, প্রথমজন হিসাবে ট্যাগ করুন!
Thư viện lưu trữ: Mạng thư viện Đại học Đà Nẵng
LEADER 00782nam a2200289 4500
001 000015878
003 12264
005 20120605160651.0
008 120605s1957 viesd
041 0 |a vie 
082 |a 495.13  |b ĐA-A 
100 0 |a Đào Duy Anh 
245 0 |a Hán Việt từ điển  |b 5000 đơn tự. 40000 từ ngữ (Quyển hạ)  |c Đào Duy Anh, Hàn Mân Tử 
250 |a In lần thứ 3 
260 |a S  |b Trường Thi  |c 1957 
300 |a 1959 tr.  |c 21 cm 
653 |a Từ điển 
653 |a tiếng Anh 
653 |a tiếng Việt 
OWN |a LSP 
999 |a From the UDN01 
TYP |a Monograph 
TYP |a Printed language 
980 |a Mạng thư viện Đại học Đà Nẵng